000 00325nam a2200109Ia 4500
008 171205s9999 xx 000 0 und d
020 _a9789351508687
100 _aThambirajah, M. S.
245 _aEssentials of Learning Disabilities and Other Development Disorders
260 _bSAGE Publications
_c2016
300 _a187 pages
999 _c347415
_d347415